<?xml version="1.0" encoding="UTF-8"?>
<record
    xmlns:xsi="http://www.w3.org/2001/XMLSchema-instance"
    xsi:schemaLocation="http://www.loc.gov/MARC21/slim http://www.loc.gov/standards/marcxml/schema/MARC21slim.xsd"
    xmlns="http://www.loc.gov/MARC21/slim">

  <leader>00609nam a2200193Ia 4500</leader>
  <datafield tag="999" ind1=" " ind2=" ">
    <subfield code="c">36822</subfield>
    <subfield code="d">36822</subfield>
  </datafield>
  <controlfield tag="001">2765</controlfield>
  <controlfield tag="003">GE_BSU</controlfield>
  <controlfield tag="005">20230406161413.0</controlfield>
  <controlfield tag="008">181216s1954||||ru |||||||||||||| ||rus||</controlfield>
  <datafield tag="040" ind1=" " ind2=" ">
    <subfield code="c">GE_BSU</subfield>
  </datafield>
  <datafield tag="080" ind1=" " ind2=" ">
    <subfield code="a">512+515.1 &#x41F;-64</subfield>
  </datafield>
  <datafield tag="100" ind1=" " ind2=" ">
    <subfield code="a">&#x41F;&#x43E;&#x43D;&#x442;&#x440;&#x44F;&#x433;&#x438;&#x43D;, &#x41B;.&#x421;.</subfield>
    <subfield code="9">17528</subfield>
  </datafield>
  <datafield tag="245" ind1=" " ind2=" ">
    <subfield code="a">&#x41D;&#x435;&#x43F;&#x440;&#x435;&#x440;&#x44B;&#x432;&#x43D;&#x44B;&#x435; &#x433;&#x440;&#x443;&#x43F;&#x43F;&#x44B; /</subfield>
    <subfield code="c">&#x41B;.&#x421;. &#x41F;&#x43E;&#x43D;&#x442;&#x440;&#x44F;&#x433;&#x438;&#x43D;.</subfield>
  </datafield>
  <datafield tag="250" ind1=" " ind2=" ">
    <subfield code="a">&#x418;&#x437;&#x434;.2-&#x435;, &#x43F;&#x435;&#x440;&#x435;&#x440;. &#x438; &#x434;&#x43E;&#x43F;.</subfield>
  </datafield>
  <datafield tag="264" ind1=" " ind2=" ">
    <subfield code="a">&#x41C;&#x43E;&#x441;&#x43A;&#x432;&#x430; :</subfield>
    <subfield code="b">&#x413;&#x43E;&#x441;&#x442;&#x435;&#x445;&#x438;&#x437;&#x434;&#x430;&#x442;,</subfield>
    <subfield code="c">1954.</subfield>
  </datafield>
  <datafield tag="300" ind1=" " ind2=" ">
    <subfield code="a">515 &#x441;&#x442;&#x440;.;</subfield>
    <subfield code="b">22&#x441;&#x43C;.</subfield>
  </datafield>
  <datafield tag="653" ind1=" " ind2=" ">
    <subfield code="a">&#x10E3;&#x10DB;&#x10D0;&#x10E6;&#x10DA;&#x10D4;&#x10E1;&#x10D8; &#x10DB;&#x10D0;&#x10E2;&#x10D4;&#x10DB;&#x10D0;&#x10E2;&#x10D8;&#x10D9;&#x10D0;</subfield>
  </datafield>
  <datafield tag="942" ind1=" " ind2=" ">
    <subfield code="c">BK</subfield>
    <subfield code="2">udc</subfield>
  </datafield>
  <datafield tag="952" ind1=" " ind2=" ">
    <subfield code="0">0</subfield>
    <subfield code="1">0</subfield>
    <subfield code="2">udc</subfield>
    <subfield code="4">0</subfield>
    <subfield code="6">5125151_&#x41F;64</subfield>
    <subfield code="7">0</subfield>
    <subfield code="9">36040</subfield>
    <subfield code="a">CPL</subfield>
    <subfield code="b">CPL</subfield>
    <subfield code="c">GEN</subfield>
    <subfield code="d">2018-12-17</subfield>
    <subfield code="g">20.00</subfield>
    <subfield code="o">512+515.1 &#x41F;-64</subfield>
    <subfield code="p">3486</subfield>
    <subfield code="r">2018-12-17</subfield>
    <subfield code="t">3486</subfield>
    <subfield code="w">2018-12-17</subfield>
    <subfield code="y">BK</subfield>
    <subfield code="z">20 &#x10DA;.</subfield>
  </datafield>
</record>
